Planning key to homes delivery (Record no. 73065)

MARC details
000 -LEADER
fixed length control field 01147cam a2200205 4500
001 - CONTROL NUMBER
control field WB3927-14
008 - FIXED-LENGTH DATA ELEMENTS--GENERAL INFORMATION
fixed length control field 030717n2003 000 0 eng u
035 ## - SYSTEM CONTROL NUMBER
System control number (Sirsi) u123037
245 ## - TITLE STATEMENT
Title Planning key to homes delivery
260 ## - PUBLICATION, DISTRIBUTION, ETC.
Date of publication, distribution, etc. 2003
490 ## - SERIES STATEMENT
Series statement ODPM News Release
Volume/sequential designation (2003/0137) 17 July 2003 (3)
520 ## - SUMMARY, ETC.
Summary, etc. The ODPM has launched two consultation documents outlining proposed changes to planning policy guidance for housing (PPG3). The first document deals with unneeded employment and commercial sites and the second proposes changes concerning the size, type and affordability of housing. The aim is to ensure homes are provided at the right time, in the right place. Research into PPG3 can be found at http://www.odpm.gov.uk. The consultation documents are downloadable from the above site and the consultation period ends 31 October 2003. http://www.odpm.gov.uk/pns/DisplayPN.cgi?pn_id=2003_0137
590 ## - LOCAL NOTE (RLIN)
Local note WB
650 ## - SUBJECT ADDED ENTRY--TOPICAL TERM
Topical term or geographic name entry element Affordable housing
9 (RLIN) 6215
650 ## - SUBJECT ADDED ENTRY--TOPICAL TERM
Topical term or geographic name entry element PPG3
650 ## - SUBJECT ADDED ENTRY--TOPICAL TERM
Topical term or geographic name entry element HOUSING SUPPLY
650 ## - SUBJECT ADDED ENTRY--TOPICAL TERM
Topical term or geographic name entry element CONSULTATION DOCUMENTS
690 ## - LOCAL SUBJECT ADDED ENTRY--TOPICAL TERM (OCLC, RLIN)
Topical term or geographic name as entry element ENVIRONMENTAL AND LAND CONSULTANCY-PLANNING AND DEVELOPMENT
942 ## - ADDED ENTRY ELEMENTS (KOHA)
Suppress in OPAC 0
Holdings
Withdrawn status Lost status Source of classification or shelving scheme Damaged status Not for loan Home library Current library Shelving location Date acquired Total Checkouts Full call number Barcode Date last seen Copy number Price effective from Koha item type
    Dewey Decimal Classification     London London News article 17/07/2003   WB3927-14 123037-1001 06/08/2019 1 06/08/2019 News article